Länder Quiz - Statistiken

Allgemein
  • Dieses Quiz wurde 83 mal gespielt
  • Das Durchschnittsergebnis liegt bei 8 aus 10
Antwortstatistiken
Hint Antwort % Korrekt
Größte Land der Welt Russland
100%
Land, in dem die Pyramiden von Gizeh stehen Ägypten
99%
Land, in welchem der Mount Everest steht Nepal
95%
Land, in dem Lego erfunden wurde Dänemark
88%
Land, welches 2018 die Fußball WM gewann Frankreich
88%
Land, in dem man Französisch und Englisch spricht Kanada
87%
Land, in dem Spitzbergen liegt Norwegen
86%
Land mit den meisten Inseln Schweden
82%
Land, in dem der Tafelberg steht Südafrika
72%
Land, das seit 1499 unabhängig ist Schweiz
43%
Keine übereinstimmenden Quizze gefunden
Verteilung der Resultate
Anzahl Personen mit jedem Resultat
Perzentil nach korrekt beantworteten Fragen
Ihre Resultats-Entwicklung
Sie haben dieses Quiz noch nicht gespielt